|
|
|
|
| LEADER |
00000nam a22000007a 4500 |
| 005 |
20190808001312.0 |
| 007 |
cr|||| |||| |
| 008 |
190808s2019 mx |||||s|||| 00||0 spa d |
| 020 |
|
|
|a 978-607-8628-56-8
|
| 035 |
|
|
|a 23908
|
| 040 |
|
|
|a vLex
|
| 090 |
|
|
|c 9128
|d 9128
|
| 100 |
1 |
|
|a Domn̕guez Bocanegra, Germǹ
|
| 245 |
1 |
0 |
|a Cm̤o entender y elaborar un plan de negocios sin ser especialista
|h [Recurso electrn̤ico] /
|c Germǹ Domn̕guez Bocanegra
|
| 256 |
|
|
|a Servicio en ln̕ea
|
| 260 |
|
|
|a Ciudad de Mx̌ico:
|b Instituto Mexicano de Contadores Pb︢licos,
|c 2019
|
| 300 |
|
|
|a 1 recurso electrn̤ico
|
| 506 |
1 |
|
|a Disponible solo en los productos indicados
|d vLex Global
|d vLex Global (Academic Edition, excluding Law Schools)
|d vLex Global (U.S. Academic Edition, Law Schools)
|d vLex Global (U.S. Academic Edition, excluding Law Schools)
|d vLex Global (Academic Edition, Law Schools)
|
| 650 |
0 |
4 |
|a Economa̕ y negocios
|z Mx̌ico
|
| 740 |
0 |
|
|a vLex Libros (Servicio en ln̕ea)
|
| 856 |
4 |
0 |
|u http://vlex.com/source/como-entender-y-elaborar-un-plan-de-negocios-sin-ser-especialista-23908
|z Acceso restringido
|
| 942 |
|
|
|c BOOK
|
| 999 |
0 |
|
|a Economy and business
|